Wszystkie Stany USA - Statystyki

Ogólne statystyki
  • Ten quiz został rozwiązany 357 razy
  • Średni wynik to 12 z 49
Statystyki odpowiedzi
Odpowiedź % Poprawnych
Alaska
67%
California
64%
Floryda
54%
Arizona
52%
Alabama
51%
Ohio
48%
Waszyngton
46%
Texas
43%
Colorado
38%
Nevada
38%
Arkansas
34%
Missisipi
33%
Georgia
31%
Nowy meksyk
30%
Hawaii
29%
Idaho
29%
Kentucky
27%
Nebraska
26%
Indiana
25%
Montana
25%
Nowy york
25%
Illinois
24%
Kansas
24%
Connecticut
23%
Iowa
23%
Missouri
23%
Minnesota
22%
Utah
22%
Michigan
21%
Oregon
20%
Delaware
19%
Maryland
18%
Oklahoma
17%
Pensylwania
17%
Massachusetts
15%
Louisiana
14%
Rhode Island
10%
Vermont
9%
Tennessee
8%
Wisconsin
7%
Północna Dakota
6%
Południowa dakota
6%
Nowe Jersey
3%
Północna Carolina
3%
Południowa carolina
2%
Nowy hampshie
0%
Vayoming
0%
Verghiniah
0%
Wshodnie verghin
0%
Nie znaleziono quizów pasujących do podanych kryteriów
Rozkład punktacji
Procent ludzi z każdym wynikiem
Percentyl według liczby udzielonych odpowiedzi
Twoja historia wyników
Nie rozwiązałeś tego quizu